00729nam a2200229 i 4500001000700000003000900007005001700016007000300033008004100036020001800077080001700095100002300112245005700135260005900192300001900251490004300270500004300313500003700356650003000393830004300423852003300466141058ES-MaACL20230906200219.0t|070919s1993 fr ||||1| fre d a2-253-06362-2 a82-1.08(038)1 aAquien, Michèle.10aDictionnaire de poétique / cpar Michèle aquien. aParis : bLibrairie Générale Française, c[1993] a344 ; c18 cm.1 aLe Livre de poche. Les usuels de poche aBiblioteca Jacinto Martínez Lacalle. aBibliografía: 327-333. Indice.14aPoética-vDiccionarios.0 aLe Livre de poche. Les usuels de poche aES-MaACLjE-12160 bR.140037